Antología de Baldomero Lillo
Na minha lista:
| Autor principal: | |
|---|---|
| Formato: | Livro |
| Idioma: | espanhol |
| Publicado em: |
Santiago
Zig-Zag
1955
|
| Colecção: | Biblioteca de Novelistas
|
| Assuntos: | |
| Tags: |
Adicionar Tag
Sem tags, seja o primeiro a adicionar uma tag!
|
MARC
| LEADER | 00000nam a2200000 a 4500 | ||
|---|---|---|---|
| 001 | UCT8505 | ||
| 003 | CL-VaPUC | ||
| 005 | 20221017102730.0 | ||
| 008 | 970326e19550000CL |||||||||||||||||spa|d | ||
| 999 | |c 256998 |d 256996 | ||
| 040 | |c Pontificia Universidad Católica de Valparaíso | ||
| 082 | 0 | 4 | |a Ch863 |b GUZ |2 21 |
| 100 | |a Guzmán, Nicomedes |d 1914-1964 |e author |9 374102 | ||
| 245 | 1 | 0 | |a Antología de Baldomero Lillo |
| 260 | |a Santiago |b Zig-Zag |c 1955 | ||
| 300 | |a 301 p | ||
| 490 | 0 | |a Biblioteca de Novelistas | |
| 583 | |a last modification |c 19970326 00:00:00 |k Rodrigo Vera | ||
| 600 | 0 | |a Lillo, Baldomero, |d 1867-1923 |9 860665 | |
| 650 | 0 | |a Novelas chilenas |9 265425 | |
| 942 | |c BK |2 ddc | ||
| 945 | |d 19970326 00:00:00 |a rleighto | ||
| 952 | |0 0 |1 0 |4 0 |6 CH_863_000000000000000_GUZ_1955 |7 0 |8 A |9 280202 |a BIBEDU |b BIBEDU |d 2019-11-19 |i 3296482 |o Ch863 GUZ 1955 |p 3296482 |r 2019-11-19 |w 2019-11-19 |y BK |k LIT | ||